Microvariation in syntactic doubling (Record no. 62065)
[ view plain ]
| 000 -LEADER | |
|---|---|
| fixed length control field | 01256nam a2200313Ia 4500 |
| 082 04 - DEWEY DECIMAL CLASSIFICATION NUMBER | |
| Classification number | 415 |
| 245 00 - TITLE STATEMENT | |
| Title | Microvariation in syntactic doubling |
| 260 ## - PUBLICATION, DISTRIBUTION, ETC. (IMPRINT) | |
| Place of publication | Bingley : |
| Name of publisher | Emerald, |
| Year of publication | 2008. |
| 300 ## - PHYSICAL DESCRIPTION | |
| Number of Pages | xiv, 479 p. : |
| Other physical details | ill., maps. |
| 490 1# - SERIES STATEMENT | |
| Series statement | Syntax and semantics, |
| 650 #0 - SUBJECT ADDED ENTRY--TOPICAL TERM | |
| Topical Term | Gemination. |
| Topical Term | Grammar, Comparative and general |
| 700 1# - ADDED ENTRY--PERSONAL NAME | |
| Personal name | Barbiers, Lambertus Christiaan Jozef, |
| 856 40 - ELECTRONIC LOCATION AND ACCESS | |
| Uniform Resource Identifier | http://site.ebrary.com/lib/rucke/Doc?id=10310657 |
No items available.
